Paesi più Grandi dell'Angola - Statistics

Statistiche generali
  • Questo quiz è stato fatto 32 volte
  • Il punteggio medio è 18 su 21
Statistiche sulle risposte
Superficie Paese % Corretto
2,780,400 Argentina
100%
7,741,220 Australia
100%
8,514,877 Brasile
100%
9,596,961 Cina
100%
1,964,375 Messico
100%
17,098,242 Russia
100%
9,826,675 Stati Uniti
100%
2,381,741 Algeria
91%
9,984,670 Canada
91%
3,287,263 India
91%
2,344,858 Rep. Dem. del Congo
91%
1,648,195 Iran
82%
2,724,900 Kazakistan
82%
1,759,540 Libia
82%
1,564,116 Mongolia
82%
2,149,690 Arabia Saudita
73%
1,284,000 Ciad
73%
1,904,569 Indonesia
73%
1,267,000 Niger
73%
1,285,216 Perù
73%
1,861,484 Sudan
73%
Nessun quiz corrispondente trovato
Distribuzione punteggi
Percentuale di utenti per punteggio
Percentile per numero di risposta
I tuoi punteggi nel tempo
Non hai fatto questo quiz